000
00260nam a22000977a 4500
008
240219b |||||||| |||| 00| 0 eng d
082
_a
C DERV Ej.1
100
1
0
_a
Derouen, Jean-Marc
_e
autor
_9
43436
245
_a
¡Voy a comedte! /
_c
Jean-Marc Derouen
942
_2
ddc
999
_c
30609
_d
16993